El pintor Porcar (Record no. 122545)

MARC details
000 -LEADER
campo de control de longitud fija 00695nam a2200193 i 4500
001 - NÚMERO DE CONTROL
campo de control 122545
003 - IDENTIFICADOR DE NÚMERO DE CONTROL
campo de control ES-MaACL
005 - FECHA Y HORA DE LA ÚLTIMA TRANSACCIÓN
campo de control 20251003152918.0
007 - CAMPO FIJO DE DESCRIPCIÓN FÍSICA--INFORMACIÓN GENERAL
campo de control de longitud fija t|
008 - DATOS DE LONGITUD FIJA--INFORMACIÓN GENERAL
campo de control de longitud fija 070214s1964 sp r ||||1| spa d
100 1# - ENTRADA PRINCIPAL--NOMBRE DE PERSONA
Nombre de persona Puerto Mezquita, Gonzalo.
9 (RLIN) 94189
245 13 - MENCIÓN DEL TÍTULO
Título El pintor Porcar
Resto del título : su vida y afanes /
Mención de responsabilidad, etc. Gonzalo Puerto Mezquita ; prólogo de Angel Sánchez Gozalbo.
260 ## - PUBLICACIÓN, DISTRIBUCIÓN, ETC.
Lugar de publicación, distribución, etc. Castellón de la Plana :
Nombre del editor, distribuidor, etc. Societad Castellonense de Cultura,
Fecha de publicación, distribución, etc. 1964.
300 ## - DESCRIPCIÓN FÍSICA
Extensión 190 p., 3 lám. :
Otras características físicas il. ;
Dimensiones 32 cm.
600 17 - PUNTO DE ACCESO ADICIONAL DE MATERIA--NOMBRE DE PERSONA
Nombre de persona Porcar Ripollés, Juan Bautista,
Fechas asociadas al nombre 1889-1974
Fuente del encabezamiento o término
9 (RLIN) 160069
700 1# - ENTRADA AGREGADA--NOMBRE PERSONAL
Nombre de persona Sánchez Gozalbo, Angel.
9 (RLIN) 102689
852 ## - LOCALIZACIÓN
Ubicación ES-MaACL
Número de control de estantería C-25184
Sublocalización o colección R.53674
Holdings
Estatus retirado Estado de pérdida Estado de daño No para préstamo Biblioteca de origen Biblioteca actual Ubicación en estantería Fecha de adquisición Fuente de adquisición Total de préstamos Signatura topográfica completa Código de barras Visto por última vez Precio de reemplazo Tipo de ítem Koha
        Biblioteca del Ateneo de Madrid Biblioteca del Ateneo de Madrid Depósito 2 17/01/2008     C-25184 1127695 23/02/2023 23/02/2023 Libro impreso